| 000 | 00583nam a2200205 a 4500 | ||
|---|---|---|---|
| 001 | 0291 | ||
| 005 | 20140414131923.0 | ||
| 008 | 040909s19uu xx 00 eng d | ||
| 020 | _a1-74045-002-7 | ||
| 050 |
_aER _bT12 2000 |
||
| 100 | _aBacon, Frances | ||
| 245 |
_aTadpole trouble! / _cFrances Bacon ; illustrated by Jennifer Cooper. |
||
| 260 |
_aAustralia : _bMurdoch Books, _c2000. |
||
| 300 | _a24 p. : ill. ; cm. | ||
| 440 | _aCocky's circle title books | ||
| 650 |
_aTadpoles _xjuvenile fiction. |
||
| 650 | _aChildren stories. | ||
| 999 |
_c111865 _d111865 |
||